Desarrollo y medio ambiente en Veracruz.

Guardat en:
Dades bibliogràfiques
Autor principal: Boege, Eckart (autor)
Altres autors: Rodríguez, Hipólito (autor) (autor)
Format: Llibre
Idioma:espanyol
Matèries:
Etiquetes: Afegir etiqueta
Sense etiquetes, Sigues el primer a etiquetar aquest registre!

MARC

LEADER 00000cam^a2200000uu^4500
001 000474186
005 20250521000000.0
008 050901s1992^^^^^^^^^^^^rd^r^^000^0^spa^d
009 20260310124732.29
022 |a 9686823077 
035 |a FCE 000017040 
035 |a FCE 016518 
037 |a Acervo ITESO - Biblioteca 
041 |a spa 
082 0 4 |a 333.563  |b BOEd 
100 |a Boege, Eckart  |e (autor) 
245 1 0 |a Desarrollo y medio ambiente en Veracruz. 
264 |a México :  |b FFE,  |c 1992. 
300 |a 303 p. 
336 |a texto  |b txt  |2 rdacontenido 
337 |a sin mediación  |b n  |2 rdamedio 
338 |a volumen  |b nc  |2 rdasoporte 
649 |a XX 
650 |a Medio ambiente 
650 |a Contaminación 
650 |a Desarrollo industrial 
650 |a Veracruz, México 
700 |a Rodríguez, Hipólito  |e (autor) 
910 |a Fondo Centro de Estudios Educativos 
920 |a Impresos - Libros 
930 |a Fondos Especiales 
905 |a 133 
901 |a ALE016518  |b IT2  |c CEE  |u 20250521 
902 |a https://opac.biblio.iteso.mx/vufind/Record/000474186